| 000 | 00478nam a2200181Ia 4500 | ||
|---|---|---|---|
| 008 | 230524s9999 xx 000 0 und d | ||
| 020 | _a8174091620 | ||
| 082 | _bMEH | ||
| 100 |
_aH.Mehra _942851 |
||
| 245 | 0 | _a"Limit State Design of Reinforced Concrete Structures : Analysis,Theory and Details" | |
| 250 | _a2 | ||
| 260 |
_aNew Delhi _bCharotar _c2014 |
||
| 300 | _a674p; | ||
| 500 | _aQuantity Number: 1 | ||
| 650 | _aCivil | ||
| 700 | _a V.N. Vazirani | ||
| 942 | _cBK | ||
| 999 |
_c57823 _d57823 |
||